Communication works / (Record no. 4402)
[ view plain ]
| 000 -LEADER | |
|---|---|
| fixed length control field | 00630nam a22002172 4500 |
| 001 - CONTROL NUMBER | |
| control field | 0000023647 |
| 005 - DATE AND TIME OF LATEST TRANSACTION | |
| control field | 20151217145942.0 |
| 008 - FIXED-LENGTH DATA ELEMENTS--GENERAL INFORMATION | |
| fixed length control field | 130313s xx 000 0 eng d |
| 020 ## - INTERNATIONAL STANDARD BOOK NUMBER | |
| International Standard Book Number | 0073406725 : |
| 040 ## - CATALOGING SOURCE | |
| Original cataloging agency | KABU |
| Transcribing agency | KABU |
| 100 1# - MAIN ENTRY--PERSONAL NAME | |
| Personal name | Gamble, Teri Kwal. |
| -- | 0000067320 |
| 245 10 - TITLE STATEMENT | |
| Title | Communication works / |
| Statement of responsibility, etc. | Teri Kwal Gamble, Michael Gamble. |
| 250 ## - EDITION STATEMENT | |
| Edition statement | 9th ed. |
| 260 ## - PUBLICATION, DISTRIBUTION, ETC. (IMPRINT) | |
| Place of publication, distribution, etc. | New York : |
| Name of publisher, distributor, etc. | McGraw Hill, |
| Date of publication, distribution, etc. | 2009. |
| 300 ## - PHYSICAL DESCRIPTION | |
| Extent | xx, 524 p. |
| 650 #0 - SUBJECT ADDED ENTRY--TOPICAL TERM | |
| Topical term or geographic name as entry element | Communication. |
| -- | 0000151592 |
| 700 1# - ADDED ENTRY--PERSONAL NAME | |
| Personal name | Gamble, Michael. |
| -- | 0000183236 |
| 852 1# - LOCATION | |
| -- | p3604 KES |
| 908 ## - PUT COMMAND PARAMETER (RLIN) | |
| Put command parameter | 130313 |
| 950 ## - LOCAL HOLDINGS (RLIN) | |
| -- | 1 |
| Withdrawn status | Lost status | Source of classification or shelving scheme | Not for loan | Home library | Current library | Date acquired | Total Checkouts | Full call number | Barcode | Date last seen | Date last checked out | Price effective from | Koha item type |
|---|---|---|---|---|---|---|---|---|---|---|---|---|---|
| Library of Congress Classification | Kabarak, Main Campus | Kabarak, Main Campus | 17/12/2015 | 8 | P90 .G36 2009 c.1 | 014535 | 27/02/2023 | 15/02/2023 | 17/12/2015 | General Collection |